000 00303nam a22001337a 4500
008 170906b xxu||||| |||| 00| 0 eng d
020 _a0847804070
041 _aeng
080 _a72
100 _a41
101 _aARK
245 _aRICHARD AN ARCHITECTURE OF ILLUSION
_cGOLDBERGER,P
942 _2udc
_cBK
999 _c26246
_d26246